Histoire du pape Pie VII / (Record n. 26629)

Dettagli MARC
000 -LEADER
fixed length control field 00628nam a2200193 i 4500
003 - CONTROL NUMBER IDENTIFIER
control field IT-RoINE
005 - DATE AND TIME OF LATEST TRANSACTION
control field 20200320065857.0
008 - FIXED-LENGTH DATA ELEMENTS--GENERAL INFORMATION
fixed length control field 880922s 1836fr r 000 ||fre d
040 ## - CATALOGING SOURCE
Original cataloging agency MMZ.
Transcribing agency MMZ.
Modifying agency WaOLN.
-- UNAV
100 1# - MAIN ENTRY--PERSONAL NAME
Personal name Artaud de Montor, Alexis François,
Dates associated with a name 1772-1849
9 (RLIN) 52578
245 10 - TITLE STATEMENT
Title Histoire du pape Pie VII /
Statement of responsibility, etc par M. le chevalier Artaud.
260 ## - PUBLICATION, DISTRIBUTION, ETC. (IMPRINT)
Place of publication, distribution, etc Paris :
Name of publisher, distributor, etc Librairie d'Adrien le Clère et Cie.,
Date of publication, distribution, etc 1836.
300 ## - PHYSICAL DESCRIPTION
Extent 2 v. ;
Dimensions 22 cm.
336 ## - CONTENT TYPE
Source rdacontent
Content type term text
337 ## - MEDIA TYPE
Source rdamedia
Media type term unmediated
338 ## - CARRIER TYPE
Source rdacarrier
Carrier type term volume
600 04 - SUBJECT ADDED ENTRY--PERSONAL NAME
9 (RLIN) 34138
Personal name Pío
Numeration VII,
Titles and other words associated with a name Papa,
Dates associated with a name 1740-1823
942 ## - ADDED ENTRY ELEMENTS (KOHA)
Item type Monografías
Dati di copia
Withdrawn status Lost status Damaged status Not for loan Home library Current library Date acquired Total Checkouts Full call number Barcode Date last seen Price effective from Koha item type Public note
        Iglesia Nacional Española en Roma Iglesia Nacional Española en Roma 25/09/2018   HIS.ECL 515.1 52292 25/09/2018 25/09/2018 Monografías T. I.
        Iglesia Nacional Española en Roma Iglesia Nacional Española en Roma 25/09/2018   HIS.ECL 515.2 52293 25/09/2018 25/09/2018 Monografías T. II.